000 00812 a2200169 4500
003 Nust
005 20230130190957.0
040 _cNust
082 _a910.9970,MED
100 _aMedley, Julius George
_9108129
245 _aAn Autumn Tour in The United States and Canada /
_cJulius George Medley
260 _aLondon
_bHenry S King
300 _a180:p
505 _aIntroductory The United State (Page-1), American Society Speech Hospitality (Page-26), American Politics American (Page-46), American Travelling Railroads Steam Boats Hotels (Page-69), The Hudson West Point Lakes George (Page-82), St. Louis Cincinnati Pittsburg Washing ton (Page-102), Canada Montreal Quebec Ottawa The Colonial Question Toronto (Page-125), American Engineering (Page-167).
650 _aTravelling
_9108130
942 _2ddc
_cBK
999 _c187038
_d187038